| 000 | 00520cam a22001571 4500 | ||
|---|---|---|---|
| 082 |
_a940.27 _bGUR |
||
| 100 | 1 |
_aWellington, Arthur Wellesley, _950651 |
|
| 245 | 0 | 0 |
_aSelections from the dispatches and general orders of Field Marshal the Duke of Wellington. _cBy Lieut. Colonel Gurwood. |
| 250 | _aNew ed. | ||
| 260 |
_aLondon, _bJ. Murray, _c1851. |
||
| 300 |
_axliv, 939 p. _c23 cm. |
||
| 500 | _aIncludes index. | ||
| 526 |
_a0 _b0 _c0 _d940_270000000000000_GUR |
||
| 700 | 1 |
_aGurwood, John, _950652 |
|
| 942 |
_2ddc _cBK |
||
| 999 |
_c553411 _d553411 |
||